Dirigir personas en tiempos de cambio /
Obra sobre los elementos a considerar en la dirección de equipos humanos en momentos de cambios. Aborda desde la necesidad de trabajar con objetivos claros hasta la evaluación del personal, pasando por el liderazgo, la delegación, la importancia de trabajar en equipo y adminsitrar debidamente el tie...
שמור ב:
| מחבר ראשי: | |
|---|---|
| מחברים אחרים: | |
| פורמט: | ספר |
| שפה: | ספרדית |
| יצא לאור: |
Madrid, España :
ESIC,
2001, c2001
|
| מהדורה: | 3a edición |
| נושאים: | |
| תגים: |
אין תגיות, היה/י הראשונ/ה לתייג את הרשומה!
|
MARC
| LEADER | 00000nam^a2200000^a^4500 | ||
|---|---|---|---|
| 001 | 000164999 | ||
| 005 | 20250521000000.0 | ||
| 009 | 20260310101004.302 | ||
| 020 | |a 84-7356-290-9 | ||
| 037 | |a Acervo ITESO - Biblioteca | ||
| 041 | |a ESP | ||
| 082 | |a 658. 3 |b URC | ||
| 100 | |a Urcola Tellería, Juan Luis |e (autor) | ||
| 245 | 1 | 0 | |a Dirigir personas en tiempos de cambio / |c J.L. Urcola Tellería ; pról. de C. Cutropía Fernández. |
| 250 | |a 3a edición |b revisada y aumentada | ||
| 264 | 4 | |a Madrid, España : |b ESIC, |c 2001, c2001 | |
| 300 | |a 343 p. | ||
| 336 | |a texto |b txt |2 rdacontenido | ||
| 337 | |a sin mediación |b n |2 rdamedio | ||
| 338 | |a volumen |b nc |2 rdasoporte | ||
| 520 | |a Obra sobre los elementos a considerar en la dirección de equipos humanos en momentos de cambios. Aborda desde la necesidad de trabajar con objetivos claros hasta la evaluación del personal, pasando por el liderazgo, la delegación, la importancia de trabajar en equipo y adminsitrar debidamente el tiempo, entre otros. | ||
| 649 | |a XX | ||
| 650 | |a Liderazgo | ||
| 650 | |a Conducción de Juntas | ||
| 650 | |a Motivación Laboral | ||
| 650 | |a Trabajo en Equipo | ||
| 650 | |a Cambio Organizacional | ||
| 650 | |a Cultura Organizacional | ||
| 650 | |a Uso del Tiempo | ||
| 650 | |a Evaluación del Desempeño | ||
| 650 | |a Negociación y Mediación | ||
| 650 | |a Toma de Decisiones | ||
| 650 | |a Comunicación Organizacional | ||
| 650 | |a Recursos Humanos | ||
| 650 | |a Proceso Administrativo - |x Dirección | ||
| 650 | |a Administración | ||
| 650 | |a Ciencias Administrativas | ||
| 700 | |a Cutropía Fernández, Carlo |e (prólogo) | ||
| 910 | |a Fondo General | ||
| 920 | |a Impresos - Libros | ||
| 930 | |a Colección General | ||
| 905 | |a 101 | ||
| 901 | |a 0500099549 |b IT1 |c ACC |u 20250521 | ||
| 902 | |a https://opac.biblio.iteso.mx/vufind/Record/000164999 | ||